The anatomy of peace : (Record no. 6374)

MARC details
000 -LEADER
fixed length control field 00884cam a2200253 4500
001 - CONTROL NUMBER
control field 7457
005 - DATE AND TIME OF LATEST TRANSACTION
control field 20181127183654.0
008 - FIXED-LENGTH DATA ELEMENTS--GENERAL INFORMATION
fixed length control field 060216s2006 caua 001 0 eng
020 ## - INTERNATIONAL STANDARD BOOK NUMBER
International Standard Book Number 1576753344
International Standard Book Number 9781576753347
082 00 - DEWEY DECIMAL CLASSIFICATION NUMBER
Classification number 303.6/9
Edition number 22
245 04 - TITLE STATEMENT
Title The anatomy of peace :
Remainder of title resolving the heart of conflict /
Statement of responsibility, etc. The Arbinger Institute.
250 ## - EDITION STATEMENT
Edition statement 1st ed.
260 ## - PUBLICATION, DISTRIBUTION, ETC.
Place of publication, distribution, etc. San Francisco, CA :
Name of publisher, distributor, etc. Berrett-Koehler Publishers,
Date of publication, distribution, etc. c2006.
300 ## - PHYSICAL DESCRIPTION
Extent xix, 231 p. :
Other physical details ill. ;
Dimensions 23 cm.
500 ## - GENERAL NOTE
General note Includes index.
505 0# - FORMATTED CONTENTS NOTE
Formatted contents note pt. 1. The heart of peace -- pt. 2. From peace to war -- pt. 3. From war to peace -- pt. 4. Spreading peace.
650 #0 - SUBJECT ADDED ENTRY--TOPICAL TERM
Topical term or geographic name entry element Conflict management.
Topical term or geographic name entry element Interpersonal conflict.
Topical term or geographic name entry element Peace
General subdivision Psychological aspects.
710 2# - ADDED ENTRY--CORPORATE NAME
Corporate name or jurisdiction name as entry element Arbinger Institute.
Corporate name or jurisdiction name as entry element Berrett-Koehler Publishers.
Holdings
Withdrawn status Lost status Source of classification or shelving scheme Damaged status Not for loan Collection code Home library Current library Shelving location Date acquired Serial Enumeration / chronology Inventory number Total Checkouts Full call number Barcode Date last seen Price effective from Koha item type
    Dewey Decimal Classification     Main TEST RTC Library RTC Library Main opac 12/01/2022 11415   303.6 ANA 30012994 12/01/2022 27/11/2018 Main
Royal Thimphu College || All Right Reserved